[Event "Russian Team Championship"]
[Site "Dagomys"]
[Date "2009.04.08"]
[EventDate "?"]
[Round "5"]
[Result "1-0"]
[White "Fabiano Caruana"]
[Black "Sergei Tiviakov"]
[WhiteElo "2649"]
[BlackElo "2697"]
[PlyCount "119"]

1. e4 c5 2. Nf3 Nc6 3. Bb5 d6 4. O-O Bd7 5. c3 a6 6. Ba4 Nf6
7. Re1 b5 8. Bc2 e5 9. h3 g6 10. d4 Bg7 11. dxc5 dxc5 12. a4
Rb8 13. Be3 Qe7 14. Nbd2 O-O 15. Nb3 c4 16. Nc5 Bc8 17. axb5
axb5 18. b3 Rd8 19. Qe2 cxb3 20. Bxb3 h6 21. Qa2 Nd7 22. Nxd7
Bxd7 23. Bd5 Rdc8 24. Qb3 Be8 25. Ra6 Qc7 26. Rea1 Kh7 27. Bc5
Rd8 28. Qa3 Rb7 29. Ne1 f5 30. Nd3 Rbb8 31. Bf8 b4 32. Bxb4
Nxb4 33. Nxb4 fxe4 34. Bxe4 Qc4 35. Re1 Rbc8 36. h4 Qxc3
37. Qxc3 Rxc3 38. h5 Rc4 39. hxg6+ Kh8 40. Nd5 Bc6 41. Ne3
Rxe4 42. Rxc6 Rf4 43. Nc4 Rdf8 44. f3 e4 45. Rxe4 Rxe4
46. fxe4 Bd4+ 47. Kh2 Re8 48. Kh3 Rxe4 49. Nd6 Rf4 50. Rc4 Be3
51. Rxf4 Bxf4 52. Nf5 Kg8 53. Kg4 Bc1 54. Kh5 Bd2 55. Nxh6+
Kg7 56. Nf5+ Kg8 57. g4 Bc3 58. Kh6 Bd2+ 59. g5 Bc3 60. g7 1-0

[Event "World Blitz Championship"]
[Site "Moscow RUS"]
[Date "2010.11.16"]
[EventDate "2010.11.16"]
[Round "1.4"]
[Result "1-0"]
[White "Fabiano Caruana"]
[Black "Dmitry Andreikin"]
[WhiteElo "2709"]
[BlackElo "2683"]
[PlyCount "55"]

1. e4 c5 2. Nf3 e6 3. d4 cxd4 4. Nxd4 a6 5. Nc3 b5 6. Bd3 Bb7
7. O-O Qb6 8. Nf3 Qc7 9. Re1 Bc5 10. e5 f5 11. Be3 Bxe3
12. Rxe3 b4 13. Nb1 Ne7 14. Nbd2 Nd5 15. Re1 O-O 16. Nc4 Nc6
17. Bf1 a5 18. Nd4 Ba6 19. Nxc6 Bxc4 20. Bxc4 dxc6 21. Qd4 Qe7
22. a3 Rfd8 23. axb4 Qxb4 24. Red1 Kf7 25. b3 a4 26. h3 a3
27. Rd3 Nb6 28. Bxe6+ 1-0

[Event "World Blitz Championship"]
[Site "Moscow RUS"]
[Date "2010.11.16"]
[EventDate "2010.11.16"]
[Round "2.8"]
[Result "0-1"]
[White "Boris Savchenko"]
[Black "Fabiano Caruana"]
[WhiteElo "2632"]
[BlackElo "2709"]
[PlyCount "50"]

1. e4 c5 2. Nf3 e6 3. d4 cxd4 4. Nxd4 a6 5. c4 Nf6 6. Bd3 Nc6
7. Nxc6 dxc6 8. Nc3 e5 9. Qe2 Bc5 10. Bg5 h6 11. Bh4 Bg4
12. f3 Be6 13. O-O-O Qa5 14. Bc2 b5 15. Bb3 Bd4 16. Be1 Qb6
17. g4 Nd7 18. Kc2 Nc5 19. f4 bxc4 20. f5 Qxb3+ 21. Kc1 Bd7
22. h4 a5 23. Nb1 Be3+ 24. Bd2 Bd4 25. Bc3 Rb8 0-1

[Event "World Blitz Championship"]
[Site "Moscow RUS"]
[Date "2010.11.16"]
[EventDate "2010.11.16"]
[Round "12.8"]
[Result "1-0"]
[White "Fabiano Caruana"]
[Black "Pavel Eljanov"]
[WhiteElo "2709"]
[BlackElo "2742"]
[PlyCount "115"]

1. d4 d5 2. c4 c6 3. e3 Nf6 4. Bd3 a6 5. b3 Bg4 6. Ne2 e6
7. Nbc3 Nbd7 8. O-O Bd6 9. Qc2 Bh5 10. Ng3 Bg6 11. Bb2 O-O
12. Rad1 b5 13. a3 bxc4 14. bxc4 Bxg3 15. hxg3 Nb6 16. c5 Nc4
17. Bc1 e5 18. Bxg6 hxg6 19. dxe5 Nxe5 20. e4 Qa5 21. exd5
Qxc5 22. Be3 Qxa3 23. Bd4 Rfe8 24. Rfe1 Qd6 25. Ne4 Nxe4
26. Qxe4 Nc4 27. Qxe8+ Rxe8 28. Rxe8+ Kh7 29. dxc6 Qxc6
30. Rd8 f6 31. Re1 Qc7 32. Rde8 Qd6 33. Ba1 a5 34. R8e7 Qd2
35. Bxf6 Kh6 36. Bxg7+ Kh5 37. R7e5+ Nxe5 38. Rxe5+ g5 39. f4
Kg6 40. Rxg5+ Kf7 41. Be5 a4 42. Rg7+ Ke6 43. Kh2 Qe3 44. Rg6+
Kf5 45. Rf6+ Ke4 46. Ra6 Qb3 47. g4 a3 48. g5 Qd3 49. Rd6 Qc4
50. g6 a2 51. Rd4+ Qxd4 52. Bxd4 Kxd4 53. g7 a1=Q 54. g8=Q Ke4
55. Qg5 Qh8+ 56. Kg3 Qc3+ 57. Kg4 Qb2 58. Qe5+ 1-0

[Event "World Blitz Championship"]
[Site "Moscow RUS"]
[Date "2010.11.17"]
[EventDate "2010.11.16"]
[Round "20.4"]
[Result "0-1"]
[White "Dmitry Andreikin"]
[Black "Fabiano Caruana"]
[WhiteElo "2683"]
[BlackElo "2709"]
[PlyCount "122"]

1. c4 Nf6 2. Nc3 e5 3. Nf3 Nc6 4. e4 Bc5 5. Nxe5 Nxe5 6. d4
Bb4 7. dxe5 Nxe4 8. Qd4 Nxc3 9. bxc3 Be7 10. Qg4 g6 11. Bh6 d6
12. Qg3 Bf8 13. Bg5 Be7 14. Bh6 Bf8 15. Bf4 dxe5 16. Bxe5 Bd6
17. Bxd6 Qxd6 18. Qxd6 cxd6 19. O-O-O Ke7 20. Be2 Be6 21. Rd4
Rac8 22. Re1 Rhe8 23. f4 b6 24. Bd3 Kd7 25. Rd1 Red8 26. f5
gxf5 27. Rh4 Rh8 28. Rf1 Rc5 29. Rh5 Ke7 30. Kd2 h6 31. Bxf5
Rxc4 32. Bc2 Rhc8 33. Rf3 Rg8 34. g3 Rh8 35. Re3 Rc5 36. Rh4
Kd7 37. a4 h5 38. Bd3 Rg8 39. Rf4 Rgg5 40. Ref3 Ke7 41. Rh4
Ra5 42. Rd4 Rgd5 43. Rff4 Rxd4 44. Rxd4 Rd5 45. Rf4 Re5
46. Bc2 Bg4 47. Bd3 Bd7 48. Bc2 f6 49. Bd1 d5 50. Rh4 Be8
51. Rd4 Kd6 52. Rf4 Ke7 53. Rd4 Bg6 54. Bf3 Ke6 55. Be2 Be4
56. Bf1 Kd6 57. a5 Rf5 58. Ke1 Rf3 59. axb6 axb6 60. Bg2 Rxc3
61. Kd2 Rc2+ 0-1

[Event "World Blitz Championship"]
[Site "Moscow RUS"]
[Date "2010.11.17"]
[EventDate "2010.11.16"]
[Round "28.2"]
[Result "1-0"]
[White "Fabiano Caruana"]
[Black "Peter Svidler"]
[WhiteElo "2709"]
[BlackElo "2722"]
[PlyCount "108"]

1. e4 c5 2. Nc3 e6 3. Nf3 a6 4. d4 cxd4 5. Nxd4 b5 6. Bd3 d6
7. O-O Nf6 8. Re1 Be7 9. a4 b4 10. Na2 e5 11. Nf3 Nc6 12. c3
bxc3 13. Nxc3 O-O 14. Bc4 Be6 15. Bxe6 fxe6 16. b4 Nxb4
17. Qb3 d5 18. exd5 exd5 19. Rxe5 Rb8 20. Qd1 Bc5 21. Be3 Bd6
22. Rf5 Qd7 23. Nd4 g6 24. Rf3 Ng4 25. h3 Rxf3 26. Qxf3 Nxe3
27. Qxe3 Bc5 28. Rd1 Re8 29. Qd2 Rf8 30. Nf3 Rf5 31. Qe2 Qe7
32. Qd2 Qf6 33. Re1 Kg7 34. Nd1 d4 35. Nb2 Nd5 36. Nd3 Bd6
37. Qb2 Nf4 38. Nxf4 Rxf4 39. Qb7+ Kh6 40. Qd5 d3 41. Qxd3
Rxa4 42. Qd5 Ra1 43. g4 Rxe1+ 44. Nxe1 Qe5 45. Qd2+ Qf4
46. Qd3 a5 47. Nf3 Kg7 48. Qc3+ Kf7 49. Qb3+ Ke7 50. Qb7+ Kd8
51. Qd5 Kc7 52. Kf1 Qc1+ 53. Kg2 a4 54. Nd4 Kd7 1-0

[Event "70th ch-ITA"]
[Site "Siena ITA"]
[Date "2010.12.01"]
[EventDate "2010.11.23"]
[Round "8"]
[Result "1-0"]
[White "Fabiano Caruana"]
[Black "Danyyil Dvirnyy"]
[WhiteElo "2709"]
[BlackElo "2492"]
[PlyCount "55"]

1. e4 e6 2. d4 d5 3. Nd2 Nf6 4. e5 Nfd7 5. c3 c5 6. Bd3 Nc6
7. Ngf3 g6 8. h4 h6 9. Bc2 Bg7 10. Nf1 b5 11. Ng3 a5 12. O-O
cxd4 13. cxd4 Qb6 14. Be3 Ba6 15. Nh2 O-O-O 16. Ng4 h5 17. Nh2
Kb8 18. Nf3 Rc8 19. Ne2 Rc7 20. Ng5 Nd8 21. Nf4 Nf8 22. Nd3
Nd7 23. b4 a4 24. Nc5 Bb7 25. Bd3 Nf8 26. Qe2 Bc6 27. Rfc1 Be8
28. Rc2 1-0

[Event "70th ch-ITA"]
[Site "Siena ITA"]
[Date "2010.12.02"]
[EventDate "2010.11.23"]
[Round "9"]
[Result "0-1"]
[White "Carlos Garcia Palermo"]
[Black "Fabiano Caruana"]
[WhiteElo "2465"]
[BlackElo "2709"]
[PlyCount "48"]

1. d4 Nf6 2. Nf3 e6 3. Bg5 h6 4. Bh4 d6 5. Nc3 g5 6. Bg3 Nh5
7. e4 Bg7 8. Bb5+ c6 9. Ba4 Nxg3 10. hxg3 Nd7 11. Qd3 a6
12. Bb3 b5 13. a4 Bb7 14. O-O O-O 15. Ne2 c5 16. axb5 axb5
17. Qxb5 Bxe4 18. Nd2 Rb8 19. Qa6 Bg6 20. Rfd1 d5 21. c4 cxd4
22. cxd5 Nc5 23. Qa3 Nxb3 24. dxe6 Qd5 0-1

[Event "70th ch-ITA"]
[Site "Siena ITA"]
[Date "2010.11.24"]
[EventDate "2010.11.23"]
[Round "2"]
[Result "1-0"]
[White "Fabiano Caruana"]
[Black "Pierluigi Piscopo"]
[WhiteElo "2709"]
[BlackElo "2399"]
[PlyCount "57"]

1. e4 e5 2. Nf3 d6 3. d4 exd4 4. Nxd4 Nf6 5. Nc3 Be7 6. g3 d5
7. e5 Ng4 8. Bg2 O-O 9. f4 c6 10. h3 Nh6 11. g4 Bc5 12. Be3
Re8 13. Qd3 Bb6 14. O-O-O c5 15. Ndb5 d4 16. Nd6 dxc3 17. Qxc3
Nc6 18. Bxc6 bxc6 19. g5 Nf5 20. Nxf5 Bxf5 21. Rxd8 Raxd8
22. Bxc5 Rd5 23. Bxb6 axb6 24. Qxc6 Red8 25. Qxb6 Rd2 26. Qc7
g6 27. b3 R2d4 28. Qc3 R4d5 29. Rh2 1-0

[Event "70th ch-ITA"]
[Site "Siena ITA"]
[Date "2010.11.26"]
[EventDate "2010.11.23"]
[Round "4"]
[Result "1-0"]
[White "Fabiano Caruana"]
[Black "Sabino Brunello"]
[WhiteElo "2709"]
[BlackElo "2544"]
[PlyCount "100"]

1. d4 Nf6 2. c4 e6 3. Nc3 Bb4 4. e3 O-O 5. Ne2 b6 6. a3 Be7
7. e4 Bb7 8. Ng3 d5 9. cxd5 exd5 10. e5 Ne4 11. Bd3 f5 12. f3
c5 13. fxe4 fxe4 14. Bb5 cxd4 15. Nce2 d3 16. Nd4 Bc5 17. Be3
Bxd4 18. Bxd4 Bc6 19. Ba4 Qg5 20. Bb3 Nd7 21. Qd2 Qg6 22. Rc1
Rae8 23. Rf1 Rxf1+ 24. Kxf1 Nxe5 25. Kg1 Nc4 26. Bxc4 dxc4
27. Rxc4 e3 28. Bxe3 Qe6 29. Rxc6 Qxc6 30. Qxd3 Qe6 31. Bd2
Qe5 32. Bc3 Qc5+ 33. Qd4 Qxd4+ 34. Bxd4 g6 35. Kf2 Kf7 36. Kf3
Ke6 37. Ne4 h5 38. Nc3 Kf5 39. h3 Rd8 40. g4+ Ke6 41. Ke4 hxg4
42. hxg4 Rd7 43. Ne2 Kf7 44. Nf4 Re7+ 45. Be5 Rd7 46. Nd3 Ke6
47. Bc3 Re7 48. g5 Rc7 49. Ne5 Rc5 50. Kf4 Kd5 1-0

[Event "70th ch-ITA"]
[Site "Siena ITA"]
[Date "2010.11.28"]
[EventDate "2010.11.23"]
[Round "6"]
[Result "1-0"]
[White "Fabiano Caruana"]
[Black "Axel Rombaldoni"]
[WhiteElo "2709"]
[BlackElo "2471"]
[PlyCount "65"]

1. e4 c5 2. Nf3 d6 3. d4 cxd4 4. Nxd4 Nf6 5. Nc3 Bd7 6. Bg5 e6
7. Ndb5 Bc6 8. Bxf6 gxf6 9. Qh5 a6 10. Nd4 Bd7 11. O-O-O Nc6
12. Nb3 Qb6 13. Rd2 Rc8 14. f4 Qe3 15. g3 b5 16. Bd3 Nb4
17. Kb1 Be7 18. a3 Rxc3 19. bxc3 Nxd3 20. cxd3 O-O 21. Qe2 Qb6
22. g4 a5 23. g5 b4 24. axb4 fxg5 25. Nxa5 Bf6 26. e5 Bg7
27. Nc4 Qc6 28. Rg1 f6 29. exd6 Kh8 30. Rc2 Rb8 31. h4 Be8
32. hxg5 Qc5 33. Qe3 1-0

[Event "TCh-SUI 2010"]
[Site "Switzerland SUI"]
[Date "2010.11.06"]
[EventDate "2010.02.14"]
[Round "8.1"]
[Result "0-1"]
[White "Michael Prusikin"]
[Black "Fabiano Caruana"]
[WhiteElo "2542"]
[BlackElo "2675"]
[PlyCount "55"]

1. d4 d5 2. c4 c6 3. e3 Nf6 4. Bd3 e5 5. Nc3 Bb4 6. Ne2 e4
7. Bc2 O-O 8. Bd2 Bd6 9. h3 Na6 10. a3 Nc7 11. Qb1 Re8 12. c5
Bf8 13. b4 b6 14. cxb6 axb6 15. a4 Bd6 16. b5 cxb5 17. axb5
Rxa1 18. Qxa1 Bd7 19. Qb2 Nh5 20. g4 Nf6 21. Qb3 h6 22. Bd1
Qa8 23. Ng3 Ne6 24. Na4 Bxg3 25. Nxb6 Qb8 26. Nxd7 Nxd7
27. fxg3 Qxg3+ 28. Kf1 0-1

[Event "TCh-SUI 2010"]
[Site "Switzerland SUI"]
[Date "2010.11.07"]
[EventDate "2010.02.14"]
[Round "9.1"]
[Result "1-0"]
[White "Fabiano Caruana"]
[Black "Christian Flueckiger"]
[WhiteElo "2675"]
[BlackElo "2324"]
[PlyCount "73"]

1. e4 d6 2. d4 Nf6 3. Nc3 g6 4. Be3 Bg7 5. Qd2 c6 6. Nf3 Qa5
7. h3 O-O 8. Bd3 Nbd7 9. O-O e5 10. Bh6 exd4 11. Nxd4 Qe5
12. Bxg7 Kxg7 13. Qe3 Nc5 14. f4 Qe7 15. Rae1 Nxd3 16. cxd3 c5
17. Nf3 d5 18. Qf2 d4 19. Ne2 a5 20. g4 Kh8 21. f5 gxf5
22. exf5 Rg8 23. Nf4 Qf8 24. Qh4 Ra6 25. Kh2 b5 26. g5 Ne8
27. g6 fxg6 28. Nxg6+ Raxg6 29. fxg6 Rxg6 30. Ne5 Qd6 31. Rf8+
Rg8 32. Rxg8+ Kxg8 33. Rg1+ Ng7 34. Qg5 Qf8 35. Ng4 Qd6+
36. Rg3 h5 37. Nh6+ 1-0

[Event "Tradewise Gibraltar"]
[Site "Caleta ENG"]
[Date "2011.01.30"]
[EventDate "2011.01.25"]
[Round "6"]
[Result "1-0"]
[White "Fabiano Caruana"]
[Black "Pablo Lafuente"]
[WhiteElo "2721"]
[BlackElo "2561"]
[PlyCount "127"]

1. e4 e5 2. Nf3 Nc6 3. Bb5 a6 4. Ba4 Nf6 5. O-O Be7 6. Re1 b5
7. Bb3 d6 8. c3 O-O 9. h3 Na5 10. Bc2 c5 11. d4 Nd7 12. d5 Nb6
13. a4 c4 14. Nbd2 Bd7 15. axb5 axb5 16. Nf1 Nb7 17. Be3 Rxa1
18. Qxa1 Na4 19. Ng3 g6 20. Qc1 Nbc5 21. Bh6 Re8 22. h4 Qb8
23. Bg5 Bxg5 24. Qxg5 Qd8 25. Qh6 Qe7 26. Rb1 Rb8 27. Nd2 Qf8
28. Qe3 Qd8 29. h5 Qh4 30. hxg6 hxg6 31. Ne2 Kg7 32. f4 Rh8
33. fxe5 Qh2+ 34. Kf2 Qh4+ 35. Kf1 Qh1+ 36. Ng1 Rh2 37. Qg5
dxe5 38. Ndf3 f6 39. Qg3 Rh8 40. Qf2 Ra8 41. Nd2 f5 42. Qg3
Rf8 43. Ke2 Qh5+ 44. Ngf3 Nd3 45. Bxd3 cxd3+ 46. Kf2 fxe4
47. Nxe4 Rf4 48. Ned2 Bg4 49. d6 Nc5 50. Ra1 Rf7 51. Kg1 Bxf3
52. gxf3 Rf5 53. Ra7+ Kf6 54. Qh2 Qxh2+ 55. Kxh2 e4 56. Re7
exf3 57. b4 f2 58. bxc5 f1=N+ 59. Nxf1 Rxf1 60. Re8 Kg7 61. d7
d2 62. d8=Q d1=Q 63. Qxd1 Rxd1 64. c6 1-0

[Event "Tradewise Gibraltar"]
[Site "Caleta ENG"]
[Date "2011.02.01"]
[EventDate "2011.01.25"]
[Round "8"]
[Result "1-0"]
[White "Fabiano Caruana"]
[Black "Richard Rapport"]
[WhiteElo "2721"]
[BlackElo "2531"]
[PlyCount "81"]

1. e4 e5 2. Nf3 Nc6 3. Bb5 a6 4. Bxc6 dxc6 5. O-O Qd6 6. Na3
Qe6 7. b3 Ne7 8. Nc4 Ng6 9. d4 exd4 10. Nxd4 Qg4 11. Bb2 f6
12. f4 Bc5 13. h3 Qxd1 14. Raxd1 Kf7 15. Kh1 Re8 16. f5 Ne5
17. Nxe5+ Rxe5 18. Ne6 Rxe6 19. fxe6+ Bxe6 20. Rd3 h5 21. Be5
Rc8 22. Bg3 Ke7 23. e5 f5 24. Bh4+ Kf7 25. Rd8 Be3 26. Rxc8
Bxc8 27. Bd8 Be6 28. h4 b5 29. Bxc7 g5 30. hxg5 Kg6 31. Bd8 h4
32. Rd1 Bc5 33. c3 Bd5 34. b4 Bf8 35. Kh2 f4 36. Kh3 Bxa2
37. Ra1 Bd5 38. Rxa6 Kf5 39. Bf6 c5 40. bxc5 Bxc5 41. g6 1-0

[Event "Tradewise Gibraltar"]
[Site "Caleta ENG"]
[Date "2011.02.03"]
[EventDate "2011.01.25"]
[Round "10"]
[Result "0-1"]
[White "Damian Lemos"]
[Black "Fabiano Caruana"]
[WhiteElo "2553"]
[BlackElo "2721"]
[PlyCount "110"]

1. d4 Nf6 2. Nf3 g6 3. g3 Bg7 4. Bg2 d5 5. c4 dxc4 6. Na3 c3
7. bxc3 O-O 8. O-O c5 9. e3 Nc6 10. Bb2 Bf5 11. Nd2 Bg4 12. f3
Be6 13. Qe2 Rc8 14. Rfd1 Qb6 15. Ndc4 Qa6 16. Bf1 b5 17. Nd2
c4 18. Nc2 Qa4 19. Rdc1 Bd7 20. f4 Nd5 21. Ne4 Nb8 22. Nd2 Nc6
23. Ne4 Nb8 24. Nd2 Na6 25. a3 Nb6 26. Nb4 Qa5 27. Rab1 Na4
28. Ba1 Qb6 29. Bg2 Rfe8 30. h3 Nc7 31. Nc2 Qd6 32. Ne4 Qa6
33. Nd2 f6 34. Nb4 Qd6 35. Rd1 a5 36. Nc2 Kh8 37. Ne4 Qa6
38. Nf2 Qe6 39. e4 Qf7 40. Ne3 e5 41. dxe5 fxe5 42. f5 Nc5
43. Rf1 gxf5 44. Nxf5 Bxf5 45. exf5 e4 46. Nxe4 Nxe4 47. Bxe4
Bf6 48. Qf3 Re5 49. Rbd1 Qe7 50. Bc6 Re3 51. Qh5 Rxg3+ 52. Kh1
Qe3 53. Bg2 Rxg2 54. Kxg2 Rg8+ 55. Kh1 Rg3 0-1

[Event "TCh-SUI National A 2012"]
[Site "Switzerland SUI"]
[Date "2012.10.21"]
[EventDate "2012.03.18"]
[Round "9.1"]
[Result "0-1"]
[White "Michael Prusikin"]
[Black "Fabiano Caruana"]
[WhiteElo "2545"]
[BlackElo "2767"]
[PlyCount "64"]

1. Nf3 c5 2. c4 Nc6 3. Nc3 g6 4. e3 Bg7 5. d4 d6 6. h3 e6
7. d5 exd5 8. cxd5 Ne5 9. e4 Nxf3+ 10. Qxf3 a6 11. a4 Nf6
12. Bg5 h6 13. Bh4 Qe7 14. Bd3 g5 15. Bg3 Nd7 16. Qh5 Ne5
17. Bc2 Ng6 18. a5 Bd7 19. Ra3 Rb8 20. Rb3 Nf4 21. Qf3 Be5
22. Rb6 Rg8 23. Nd1 Nxd5 24. Bxe5 Qxe5 25. Bb3 g4 26. hxg4
Bxg4 27. Bxd5 Bxf3 28. gxf3 Rg6 29. Ne3 Kf8 30. Ke2 h5 31. Nf5
Re8 32. Kf1 Rg5 0-1

[Event "Zurich Chess Challenge (Blitz)"]
[Site "Zurich SUI"]
[Date "2013.02.22"]
[EventDate "2013.02.22"]
[Round "1.2"]
[Result "0-1"]
[White "Viswanathan Anand"]
[Black "Fabiano Caruana"]
[WhiteElo "2780"]
[BlackElo "2757"]
[PlyCount "88"]

1. e4 c5 2. Nf3 e6 3. d4 cxd4 4. Nxd4 a6 5. Bd3 Bc5 6. Nb3 Be7
7. Be3 Nc6 8. N1d2 Nf6 9. f4 d6 10. Qf3 Nb4 11. O-O O-O 12. a3
Nxd3 13. cxd3 Bd7 14. Rac1 Bb5 15. Bf2 e5 16. Nc4 Nd7 17. Rfd1
exf4 18. Nd4 Bxc4 19. dxc4 Ne5 20. Qb3 Qc7 21. Nf5 g6 22. Qb6
Rac8 23. Qxc7 Rxc7 24. Nxe7+ Rxe7 25. Rxd6 Rc8 26. c5 Ng4
27. Rd4 g5 28. h3 Nf6 29. Rcc4 Rce8 30. c6 bxc6 31. Rxc6 Nxe4
32. Rd5 Re6 33. Rxe6 Rxe6 34. Bd4 f6 35. b4 Rc6 36. Kf1 Rc2
37. Ra5 Nd2+ 38. Ke1 Nb3 39. Rd5 Nxd4 40. Rxd4 Rxg2 41. Rd6 f5
42. Rxa6 g4 43. Rf6 gxh3 44. Kf1 f3 0-1

[Event "Zurich Chess Challenge (Blitz)"]
[Site "Zurich SUI"]
[Date "2013.02.22"]
[EventDate "2013.02.22"]
[Round "2.1"]
[Result "0-1"]
[White "Boris Gelfand"]
[Black "Fabiano Caruana"]
[WhiteElo "2740"]
[BlackElo "2757"]
[PlyCount "58"]

1. e4 c5 2. Nf3 e6 3. d3 Nc6 4. g3 g6 5. Bg5 f6 6. Be3 d5
7. exd5 exd5 8. d4 Bg4 9. Be2 Nge7 10. dxc5 Nf5 11. Bc1 Bxc5
12. O-O Qd7 13. Nc3 O-O-O 14. Na4 Bd6 15. Qxd5 Rhe8 16. Bd1
Qe7 17. Qc4 Bh3 18. c3 Kb8 19. b4 Bxf1 20. Qxf1 h5 21. Nb2 h4
22. Nc4 hxg3 23. hxg3 Bc7 24. b5 Na5 25. b6 axb6 26. Nxa5 bxa5
27. Rb1 Qe4 28. Rb5 Bxg3 29. Nd4 Bh2+ 0-1

[Event "Zurich Chess Challenge (Blitz)"]
[Site "Zurich SUI"]
[Date "2013.02.22"]
[EventDate "2013.02.22"]
[Round "4.2"]
[Result "1-0"]
[White "Fabiano Caruana"]
[Black "Viswanathan Anand"]
[WhiteElo "2757"]
[BlackElo "2780"]
[PlyCount "88"]

1. e4 e5 2. Nf3 Nc6 3. Bb5 Nf6 4. O-O Nxe4 5. d4 Nd6 6. Bg5
Be7 7. Bxe7 Qxe7 8. Bxc6 dxc6 9. dxe5 Ne4 10. Nbd2 Nc5 11. h3
O-O 12. Nb3 Rd8 13. Qe2 Nxb3 14. axb3 c5 15. Rfd1 Bd7 16. Nd2
a5 17. Nc4 b6 18. Rd2 Be6 19. Rad1 Rxd2 20. Qxd2 a4 21. f4
axb3 22. cxb3 g6 23. Kh2 b5 24. Na5 Qh4 25. Rf1 Qd8 26. Qxd8+
Rxd8 27. Rf2 Rd3 28. Nb7 Rd5 29. Rc2 c4 30. b4 Rd4 31. Rf2 Bd5
32. Nc5 Rd1 33. g4 Kf8 34. f5 gxf5 35. gxf5 Ke7 36. Kg3 h6
37. Kg4 Re1 38. Kf4 Rh1 39. Kg4 c6 40. h4 Re1 41. Kf4 Rg1
42. f6+ Kf8 43. Kf5 h5 44. e6 fxe6+ 1-0

[Event "Tal Memorial"]
[Site "Moscow RUS"]
[Date "2013.06.13"]
[EventDate "2013.06.13"]
[Round "1"]
[Result "0-1"]
[White "Viswanathan Anand"]
[Black "Fabiano Caruana"]
[WhiteElo "2786"]
[BlackElo "2774"]
[PlyCount "94"]

1. e4 e5 2. Nf3 Nc6 3. Bb5 a6 4. Ba4 Nf6 5. O-O Be7 6. Re1 b5
7. Bb3 O-O 8. h3 Bb7 9. d3 d5 10. exd5 Nxd5 11. Nbd2 f6 12. c3
Kh8 13. Bc2 Qd7 14. Nb3 a5 15. a4 bxa4 16. Rxa4 Ncb4 17. Rxa5
Nxc2 18. Qxc2 Nb6 19. Rxa8 Rxa8 20. Nbd2 g5 21. Nh2 Rd8 22. d4
exd4 23. cxd4 Bb4 24. Re2 Qxd4 25. Ndf1 Qc5 26. Qxc5 Bxc5
27. Rc2 Bd6 28. Ng4 Kg7 29. Bd2 Kg6 30. Nge3 f5 31. Nc4 Nxc4
32. Rxc4 Ra8 33. Rc1 f4 34. Bc3 h5 35. Nd2 Bd5 36. f3 Bc5+
37. Kf1 Be3 38. Ke2 Bc4+ 39. Ke1 Re8 40. Kd1 Bxd2 41. Kxd2
Re2+ 42. Kd1 Rxg2 43. Bd4 Be2+ 44. Ke1 Bxf3 45. Rxc7 Re2+
46. Kf1 Rh2 47. Rg7+ Kf5 0-1

[Event "Tal Memorial"]
[Site "Moscow RUS"]
[Date "2013.06.22"]
[EventDate "2013.06.13"]
[Round "8"]
[Result "0-1"]
[White "Alexander Morozevich"]
[Black "Fabiano Caruana"]
[WhiteElo "2760"]
[BlackElo "2774"]
[PlyCount "80"]

1. e4 e5 2. Nf3 Nc6 3. Nc3 Nf6 4. d4 exd4 5. Nxd4 Bb4 6. Nxc6
bxc6 7. Bd3 d5 8. exd5 cxd5 9. O-O O-O 10. h3 c6 11. Qf3 Re8
12. Bg5 h6 13. Bxf6 Qxf6 14. Qxf6 gxf6 15. Ne2 Bd6 16. Rad1
Be6 17. Ng3 Rab8 18. Nh5 Be5 19. b3 Kf8 20. f4 Bb2 21. Rf3 c5
22. Bh7 Rb6 23. c3 Bc8 24. Rg3 d4 25. cxd4 Bxd4+ 26. Kh2 Bd7
27. Rg8+ Ke7 28. Re1+ Re6 29. Rxe6+ fxe6 30. Rg7+ Kd6 31. Rg6
Rh8 32. Rxh6 Bb5 33. g4 Bd3 34. f5 Be5+ 35. Kg2 Be4+ 36. Kf2
Bd4+ 37. Ke2 c4 38. g5 c3 39. Ng3 c2 40. Nxe4+ Kd5 0-1

[Event "Dortmund"]
[Site "Dortmund GER"]
[Date "2013.07.26"]
[EventDate "2013.07.26"]
[Round "1"]
[Result "0-1"]
[White "Dmitry Andreikin"]
[Black "Fabiano Caruana"]
[WhiteElo "2727"]
[BlackElo "2796"]
[PlyCount "86"]

1. d4 Nf6 2. c4 g6 3. Nc3 d5 4. e3 Bg7 5. cxd5 Nxd5 6. Nxd5
Qxd5 7. Ne2 O-O 8. Nc3 Qd6 9. Be2 c6 10. O-O Nd7 11. Ne4 Qc7
12. Bd2 Nb6 13. f4 a5 14. h4 Be6 15. h5 Bd5 16. Ng5 f6 17. Nf3
f5 18. Qe1 Nc4 19. hxg6 hxg6 20. Qg3 Qd6 21. Bxc4 Bxc4
22. Rfc1 Bd5 23. Ne5 Bxe5 24. fxe5 Qe6 25. Kf2 Kf7 26. Rh1 Ke8
27. Rh6 Rg8 28. a4 Be4 29. Kg1 Kd7 30. b4 Rh8 31. Rxh8 Rxh8
32. bxa5 g5 33. Rf1 Rh4 34. Rf4 Rh5 35. Rxe4 fxe4 36. Bb4 Ke8
37. Bc5 Qh6 38. Qg4 Rh1+ 39. Kf2 Qh4+ 40. Qxh4 gxh4 41. e6 Ra1
42. g4 Ra2+ 43. Kg1 Re2 0-1

[Event "Dortmund"]
[Site "Dortmund GER"]
[Date "2013.08.04"]
[EventDate "2013.07.26"]
[Round "9"]
[Result "1-0"]
[White "Fabiano Caruana"]
[Black "Daniel Fridman"]
[WhiteElo "2796"]
[BlackElo "2629"]
[PlyCount "125"]

1. e4 e6 2. d4 d5 3. Nc3 Nf6 4. e5 Nfd7 5. f4 c5 6. Nf3 Nc6
7. Be3 Qb6 8. Na4 Qa5+ 9. c3 b6 10. Bd2 c4 11. b4 Nxb4
12. cxb4 Bxb4 13. Qc2 Bxd2+ 14. Nxd2 b5 15. Nc3 b4 16. Nd1 Qb6
17. Nf3 O-O 18. a3 b3 19. Qd2 f6 20. h4 Nb8 21. h5 a5 22. h6
Ra7 23. Nc3 Nc6 24. Rd1 Raf7 25. exf6 gxf6 26. g3 Kh8 27. Bh3
Qd8 28. Kf2 Qd6 29. Rhe1 f5 30. Qb2 Rf6 31. Rh1 Rxh6 32. Ng5
Kg7 33. Na4 Qe7 34. Nf3 Na7 35. Nc3 Bd7 36. Rde1 Qd6 37. Re3
Qb6 38. Qd2 Qd6 39. Qb2 Qb6 40. Kg2 Nc8 41. Ne5 Be8 42. Qd2
Nd6 43. Ree1 a4 44. g4 fxg4 45. Bxg4 Rxh1 46. Rxh1 Nf5
47. Bxf5 Rxf5 48. Qe3 h5 49. Rg1 Kf8 50. Nf3 Qd6 51. Ne2 Bg6
52. Kf2 Bh7 53. Ng5 Bg8 54. Qg3 Qe7 55. Qh4 Qf6 56. Qxh5 c3
57. Nh7+ Bxh7 58. Qxh7 Rxf4+ 59. Nxf4 Qxf4+ 60. Ke2 Qe4+
61. Qxe4 dxe4 62. Kd1 Ke7 63. Rg5 1-0

[Event "London Chess Classic (Blitz)"]
[Site "London ENG"]
[Date "2014.12.08"]
[EventDate "2014.12.08"]
[Round "4"]
[Result "1-0"]
[White "Fabiano Caruana"]
[Black "Michael Adams"]
[WhiteElo "2829"]
[BlackElo "2745"]
[PlyCount "69"]

1. Nf3 Nf6 2. g3 b6 3. Bg2 Bb7 4. c4 c5 5. O-O e6 6. Nc3 Be7
7. Re1 d6 8. e4 a6 9. d4 cxd4 10. Nxd4 Qc7 11. Qe2 O-O 12. Be3
Nc6 13. Rac1 Nxd4 14. Bxd4 Nd7 15. b3 Bf6 16. Be3 Rac8 17. Qd2
Rfd8 18. Ne2 Qb8 19. Nd4 Qa8 20. Bg5 h6 21. Bxf6 Nxf6 22. Qe3
Qb8 23. h3 Rc5 24. f4 Rdc8 25. a4 g6 26. Rcd1 Re8 27. Ne2 e5
28. Nc3 exf4 29. Qxf4 Re6 30. Nd5 Nxd5 31. exd5 Rxe1+ 32. Rxe1
Qd8 33. Qxh6 b5 34. Be4 Qf6 35. Bxg6 1-0

[Event "London Chess Classic (Blitz)"]
[Site "London ENG"]
[Date "2014.12.08"]
[EventDate "2014.12.08"]
[Round "6"]
[Result "0-1"]
[White "Anish Giri"]
[Black "Fabiano Caruana"]
[WhiteElo "2768"]
[BlackElo "2829"]
[PlyCount "107"]

1. e4 c5 2. Nf3 e6 3. d4 cxd4 4. Nxd4 a6 5. c4 Nf6 6. Nc3 Bb4
7. Qd3 d6 8. Nc2 Bxc3+ 9. Qxc3 O-O 10. Bd3 e5 11. O-O Be6
12. f4 exf4 13. Bxf4 Nc6 14. Bg5 Nxe4 15. Bxd8 Nxc3 16. Bc7
Na4 17. b3 Rac8 18. Bxd6 Rfd8 19. Rad1 Nc3 20. Rd2 Rxd6
21. Bxh7+ Kxh7 22. Rxd6 Nxa2 23. Rf3 a5 24. Na3 Nab4 25. Nb5
Na6 26. Rd2 Nc5 27. Re3 Rd8 28. Rxd8 Nxd8 29. Nd4 Nc6 30. Nxc6
bxc6 31. Kf2 Kg6 32. Ke2 a4 33. bxa4 Nxa4 34. Kd3 Nb2+ 35. Kd4
Nxc4 36. Rg3+ Kh7 37. Kc5 Bd5 38. Rg4 Ne3 39. Rh4+ Kg6 40. g3
f5 41. Rf4 Kf6 42. Kd4 g5 43. Rf2 Ng4 44. Rb2 Ne5 45. Rf2 Nf3+
46. Ke3 Ke5 47. h3 f4+ 48. gxf4+ gxf4+ 49. Kd3 c5 50. Rb2 c4+
51. Kc3 Nh4 52. Re2+ Kf6 53. Kd4 f3 54. Rf2 0-1